000 00388nam a2200157Ia 4500
008 230612s9999 xx 000 0 und d
041 _aeng
082 _a621.38 BRO
100 _aBrown B.
_9118159
245 _a1979 General Catalog ( Electronic)
260 _c1979
_bBrown B.
365 _cRs.
700 _aBrown B.
_9118159
906 _dB:24-Apr-2008
_cETC
999 _c166443
_d166443